header

Dimensions behind the Twilight zone (Record no. 31660)

MARC details
000 -LEADER
fixed length control field 01543nam a2200349Ia 4500
100 1# - MAIN ENTRY--AUTHOR NAME
Personal name Stanyard, Stewart,
245 10 - TITLE STATEMENT
Title Dimensions behind the Twilight zone
260 ## - PUBLICATION, DISTRIBUTION, ETC. (IMPRINT)
Place of publication Toronto :
Name of publisher ECW Press,
Year of publication c2007.
300 ## - PHYSICAL DESCRIPTION
Number of Pages xvi, 291 p. :
Other physical details ill., facsims., ports.
650 #0 - SUBJECT ADDED ENTRY--TOPICAL TERM
Topical Term Television producers and directors
Topical Term Television actors and actresses
Topical Term Science fiction television programs
Topical Term Fantasy television programs
856 40 - ELECTRONIC LOCATION AND ACCESS
Uniform Resource Identifier http://site.ebrary.com/lib/rucke/Doc?id=10257080

No items available.

© 2026 Rongo University
Contact us: librarian | system librarian | Rongo university